Los selk'nam : la vida de los onas /
Guardado en:
| Autor Principal: | |
|---|---|
| Formato: | Libro |
| Publicado: |
Buenos Aires :
Emecé,
1986
|
| Etiquetas: |
Agregar Etiqueta
Sin Etiquetas, Sea el primero en etiquetar este registro!
|
| LEADER | 00646nam a22001815a 4500 | ||
|---|---|---|---|
| 001 | CEM.cems001606 | ||
| 005 | 20060214000000.0 | ||
| 008 | 130507s1986##################000#0#####d | ||
| 003 | CEMS | ||
| 082 | 0 | 4 | |a 572.7 |
| 100 | 1 | |a Chapman, Anne | |
| 245 | 1 | 0 | |a Los selk'nam : |b la vida de los onas / |c Anne Chapman |
| 260 | |a Buenos Aires : |b Emecé, |c 1986 | ||
| 300 | |a 2871 p. | ||
| 859 | |a CEMS |b BIB. CEMS - 11 de abril |h 572.7 |i Ch366 |p 13897.86 |t Ej.1 | ||
| 859 | |a CEMS |b BIB. CEMS - 11 de abril |h 572.7 |i Ch366 |p 13919.86 |t Ej.2 | ||
| 859 | |a CEMS |b BIB. CEMS - 11 de abril |h 572.7 |i Ch366 |p 13920.86 |t Ej.3 | ||
| 859 | |a CEMS |b BIB. CEMS - 11 de abril |h 572.7 |i Ch366 |p 13921.86 |t Ej.4 | ||
